| 000 | 01007cam a22003137a 4500 | ||
|---|---|---|---|
| 003 | CHAP | ||
| 005 | 20220329135659.0 | ||
| 008 | 971013s1978 r 00010 d | ||
| 010 | _a40479 | ||
| 011 | _a41451 | ||
| 035 | _a45577 | ||
| 040 | _cCHAP | ||
| 082 |
_a581.13 _bM4 |
||
| 100 | 0 | 0 |
_aMengel, Konrad. _974805 |
| 245 | 0 | _aPrinciples of plant nutrition | |
| 260 |
_aBern : _bInternational Potash Institute, _c1978 |
||
| 300 |
_a593 p. _b: ilus. ; gráfs. |
||
| 590 |
_aBATCH-UPD _b10 _c20130110 _lUCH01 _h1541 |
||
| 590 |
_aBATCH-UPD _b10 _c20130410 _lUCH01 _h0943 |
||
| 590 |
_aBATCH-UPD _b10 _c20130914 _lUCH01 _h1708 |
||
| 590 |
_aCONVERSION _b10 _c20130109 _lUCH01 _h1322 |
||
| 650 | 1 | 4 |
_aPlantas _xElementos minerales. _988823 |
| 650 | 1 | 4 |
_aPlantas _xNutrición. _988874 |
| 700 | 0 |
_aKirkby, Ernest A. _963348 |
|
| 901 | _aBK | ||
| 942 | _cLIBRO | ||
| 949 |
_a581.13 M4 _bBC _cLIBRO _d33724000089058 _eLIBRO _fc.2 _h90093 _i45577 _si |
||
| 949 |
_a581.13 M4 _bBC _cLIBRO _d33724000522207 _eLIBRO _h4458 _i45577 _si |
||
| 999 |
_c40479 _d40479 |
||